000 00232nam a2200097Ia 4500
005 20251222114401.0
008 251222s1900||||xx |||||||||||||| ||spa||
082 _aDVD0111/D78L/2000
245 0 _aLas locuras del emperador:
942 _cDVD
999 _c1641
_d1641